00530nam a2200157Ia 4500008004100000082002200041100001900063245001800082260002900100300001000129630003500139650005300174942000900227952011900236999001700355211118s9999||||xx |||||||||||||| ||und|| a894.812 3 bPAD-K aPadmanabhan, T 0aKalabhairavan bP K BrothersaKzkdc1986 a120p. xMalayalam FictionGeneral Stack aMalayalam LiteratuireMalayalam NovelsvMalayalam cBOOK 00102ddc4070aSBCLbSBCLc2d2021-11-18g19.00o894.8123 PAD-Kp00103610r2021-11-18 00:00:00w2021-11-18yBOOK c98220d98220